000 00517nam a2200193Ia 4500
003 OSt
005 20250429124428.0
008 210210b1963 xxu||||| |||| 00| 0 eng d
040 _cAL
041 _aKannada
082 _aK894.3 RAMS
100 _aRAMAMURTI.
_dರಾಮಮೂರ್ತಿ
_9209099
245 _aSundarasvapna.
_bಸುಂದರಸ್ವಪ್ನ
260 _aBengalur
_bVijaya Prakatanalaya
_c1963
300 _aiv,183
690 _aKannada Fiction
_9209100
906 _a028814
942 _2ddc
_cBK
999 _c80050
_d80050